| 000 | 00415nam a2200157Ia 4500 | ||
|---|---|---|---|
| 008 | 221030s9999 xx 000 0 und d | ||
| 020 | _a8188114057 | ||
| 041 | _aEnglish | ||
| 100 | _aG. G. Bhise | ||
| 245 | 0 |
_aEngineering Networks Analysis & Filter Design _cby G. G. Bhise, P. R. Chadha |
|
| 260 |
_bUmersh Pub. _aNew Delhi _c2008 |
||
| 300 | _a1071 | ||
| 650 | _aBB EE | ||
| 700 | _aP. R. Chadha | ||
| 942 | _cBK | ||
| 999 |
_c15931 _d15931 |
||